Statistics for 四川省地图 Sichuan Map Quiz

Click here to take the quiz!

General Stats

  • This quiz has been taken 2 685 times
  • The average score is 16 of 21

Answers on the Map

Answers color-coded by a green-red scale on the quiz's map according to % correct below.
 

Answer Stats

区划% Correct
成都市
99%
攀枝花市
90%
绵阳市
89%
阿坝藏族羌族自治州
83%
甘孜藏族自治州
83%
乐山市
81%
宜宾市
77%
自贡市
76%
凉山彝族自治州
76%
德阳市
75%
雅安市
74%
泸州市
73%
广元市
73%
达州市
70%
眉山市
70%
巴中市
69%
资阳市
67%
南充市
67%
广安市
65%
内江市
62%
遂宁市
58%

Score Distribution

Percentile by Number Answered

Percent of People with Each Score

Your Score History

You have not taken this quiz